'V', 'Y', and 'Z' Countries Quiz Stats

 Plays Quiz Updated Jun 21, 2017

Support Sporcle.
Go Orange.
Score 0/7 Timer 00:30
13 Plays Today
Country % Correct
Yemen
92.7%
Zimbabwe
89.8%
Zambia
88%
Venezuela
85.3%
Vatican City
75.1%
Vanuatu
72.3%
Vietnam
69.5%

You're not logged in!

Compare scores with friends on all Sporcle quizzes.
OR
Log In
Forgot?

From the Vault

10 Closest Capitals to London

by RobPro

London has a lot of 'capital' pals.
Remove Ads.
Support Sporcle.
Get the best of Sporcle when you Go Orange. This ad-free experience offers more features, more stats, and more fun while also helping to support Sporcle. Thank you for becoming a member.

Show Comments

Extras

Top Quizzes Today


Score Distribution

Your Account Isn't Verified!

In order to create a playlist on Sporcle, you need to verify the email address you used during registration. Go to your Sporcle Settings to finish the process.

Report this User

Report this user for behavior that violates our Community Guidelines.

Details: